| 000 | 00896cam a22002531a 4500 | ||
|---|---|---|---|
| 001 | ne 63001567 | ||
| 003 | DLC | ||
| 005 | 20260227111748.0 | ||
| 008 | 810904s1960 ku b f001 0 ara c | ||
| 010 | _ane 63001567 | ||
| 035 | _a(OCoLC)7728866 | ||
| 040 |
_aPrinceton Univ. Libr. _cTU _dTU _dInU _dDLC |
||
| 042 | _apremarc | ||
| 050 | 0 | 0 |
_aPJ6591 _b.I3 1960 |
| 100 | 2 |
_aIbn al-Anbārī, Muḥammad ibn al-Qāsim, _d885-940? |
|
| 245 | 1 | 0 |
_aKitāb al-aḍdād / _ctaʼlīf Ibn al-Qāsim al-Anbārī ; ʻuniya bi-taḥqīqih ʻan nuskhah farīdah Muḥammad Abū al-Faḍl Ibrāhīm. |
| 260 |
_aal-Kuwayt : _bDāʼirat al-Maṭbūʻāt wa al-Nashr, _c1960. |
||
| 300 |
_a8, 517 p. ; _c24 cm. |
||
| 440 | 0 |
_aTurāth al-ʻArabī ; _v2 |
|
| 500 | _aRomanized record. | ||
| 504 | _aBibliography: p. 514-517. | ||
| 500 | _aIncludes indexes. | ||
| 650 | 0 |
_aArabic language _xSynonyms and antonyms. |
|
| 999 |
_c46148 _d46148 |
||